000 00296nam a22001217a 4500
008 181004b xxu||||| |||| 00| 0 eng d
041 _aeng
080 _a710
100 _a45
101 _aART
245 _aTwentieth Century American Folk Art And Artists
_cHerbert.w.h
942 _2udc
_cBK
999 _c48848
_d48848